UBT Library

Applied calculus for the managerial, life, and social sciences / (Record no. 47050)

000 -LEADER
fixed length control field 00700cam a2200253 i 4500
001 - CONTROL NUMBER
control field 17427858
005 - DATE AND TIME OF LATEST TRANSACTION
control field 20180813074339.0
008 - FIXED-LENGTH DATA ELEMENTS--GENERAL INFORMATION
fixed length control field 120813t20142014caua 001 0 eng
010 ## - LIBRARY OF CONGRESS CONTROL NUMBER
LC control number 2012946935
020 ## - INTERNATIONAL STANDARD BOOK NUMBER
International Standard Book Number 9781133607717 (hardback)
020 ## - INTERNATIONAL STANDARD BOOK NUMBER
International Standard Book Number 1133607713 (hardback)
040 ## - CATALOGING SOURCE
Original cataloging agency DLC
Language of cataloging eng
Description conventions rda
Transcribing agency DLC
041 ## - LANGUAGE CODE
Language code of text/sound track or separate title eng
042 ## - AUTHENTICATION CODE
Authentication code pcc
080 ## - UNIVERSAL DECIMAL CLASSIFICATION NUMBER
Universal Decimal Classification number 51
082 ## - DEWEY DECIMAL CLASSIFICATION NUMBER
Edition number 51
100 1# - Rafti
Rafti 38
101 ## - Shkurtesa
Shkurtesa mat
240 10 - UNIFORM TITLE
Uniform title <a href="Applied calculus">Applied calculus</a>
245 10 - TITLE STATEMENT
Title Applied calculus for the managerial, life, and social sciences /
Statement of responsibility, etc S.T. Tan, Stonehill College.
906 ## - LOCAL DATA ELEMENT F, LDF (RLIN)
a 7
b cbc
c orignew
d 3
e epcn
f 20
g y-gencatlg
942 ## - ADDED ENTRY ELEMENTS (KOHA)
Source of classification or shelving scheme
Item type Books
Holdings
Withdrawn status Lost status Source of classification or shelving scheme Damaged status Not for loan Collection code Permanent location Current location Shelving location Date acquired Total Checkouts Barcode Date last seen Copy number Price effective from Koha item type
          Koleksioni i përgjithshem UBT - Lipjan UBT - Lipjan Koleksioni i përgjithshem 08/13/2018   51 tan 08/13/2018 002-3010886 08/13/2018 Books
UBT Library © 2015-2024. All rights reserved University Education for Business and Technology